00934nam a2200289 i 4500001000300000100002100003245005000024260002300074300002800097490005800125500005300183504001400236650002300250650001200273650002500285830005800310020001500368040000800383041001300391080001000404920001800414942000700432008004100439999001700480856009800497952004900595bg1 aOSTALCZYK, Piotr10aThe one-sided Z-transform /cPiotr Ostalczyk. aLodz :bTU,c2002. a331 s. :bil. ;c24 cm.1 aA Series of Monographs / Technical University of Lodz aNr na grzb. oznacza kolejną poz. wydawniczą. aBibliogr. 9aAnaliza numeryczna 9aFunkcje 9aMetody różnicowe 0aA Series of Monographs (Technical University of Lodz) a8372830770 cBPK0 aengbpol a517.9 a83-7283-077-0 cKS s pl f |000 0 pol  c42790d42790 uhttp://koha.tu.koszalin.pl/cgi-bin/koha/opac-detail.pl?biblionumber=42790yKatalog online BPK 00104070aBPKbBPKcwo67453p01914740yKS